El tamaño y el papel del estado
সংরক্ষণ করুন:
| প্রধান লেখক: | , |
|---|---|
| বিন্যাস: | গ্রন্থ |
| ভাষা: | স্প্যানিশ |
| প্রকাশিত: |
Santiago
Cieplan
1977
|
| মালা: | Apuntes Cieplan, 2
|
| বিষয়গুলি: | |
| ট্যাগগুলো: |
ট্যাগ যুক্ত করুন
কোনো ট্যাগ নেই, প্রথমজন হিসাবে ট্যাগ করুন!
|
MARC
| LEADER | 00000nam a2200000 a 4500 | ||
|---|---|---|---|
| 001 | UCS0854 | ||
| 003 | CL-VaPUC | ||
| 008 | 970428e19770000CL |||||||||||||||||spa|d | ||
| 082 | 0 | 4 | |a 338.544 |b FOX |2 21 |
| 100 | 0 | |a Foxley Ríoseco, Alejandro |e author |9 384717 | |
| 700 | 0 | |a Arellano, José Pablo |e author |9 384718 | |
| 245 | 1 | 3 | |a El tamaño y el papel del estado |
| 300 | |a 17 p | ||
| 942 | |c BK | ||
| 945 | |d 19970428 00:00:00 |a amoreno | ||
| 260 | |a Santiago |b Cieplan |c 1977 | ||
| 650 | 0 | |a Estado |9 255503 | |
| 650 | 7 | |a PARTICIPACION ESTATAL |2 CL-VaPUC |9 384719 | |
| 651 | 7 | |a CHILE |2 CL-VaPUC |9 384720 | |
| 583 | |a last modification |c 19970428 00:00:00 |k Rodrigo Vera | ||
| 490 | 0 | |a Apuntes Cieplan, 2 | |
| 999 | |c 259002 |d 259000 | ||
| 952 | |0 0 |1 0 |4 0 |6 338_544000000000000_FOX_1977 |7 0 |8 A |9 283473 |a BIBGIM |b BIBGIM |d 2019-11-19 |i 3276090 |l 2 |m 2 |o 338.544 FOX 1977 |p 3276090 |r 2025-01-15 |s 2024-07-11 |w 2019-11-19 |y BK |k GIM | ||